banner-ar

موسوعة الفنون الجميلة المصرية فى القرن العشرين / (Record no. 61901)

MARC details
000 -الفاتح
حقل البيانات ثابتة الطول 00869nam a22002057a 4500
005 - وقت وتاريخ اخر تعامل مع التسجيلة
رقم الضبط 20240530110521.0
008 - عناصر البيانات ثابتة الطول - معلومات عامة
حقل البيانات ثابتة الطول 160217s2012 ua o a f 000 0 ara d
017 ## - رقم الايداع القانونى
رقم الايداع القانونى 2012/9810
المصدر ( الهيئة المختصة) مصر . دار الكتب المصرية
020 ## - الرقم الدولى المعيارى للكتب
الرقم الدولى المعيارى للكتاب 9789774277443
040 ## - مصدر الفهرسة
وكالة الفهرسة الأصلية EG-CaGPL
082 04 - رقم تصنيف ديوى العشرى
رقم الطبعة 21
رقم التصنيف 709.62
رقم المادة ق/ص م
100 0# - المدخل الرئيسى - إسم شخصى
الإسم الشخصى صبحى الشارونى .
245 10 - بيان العنوان
العنوان موسوعة الفنون الجميلة المصرية فى القرن العشرين /
بيان المسئوليه,etc صبحى الشارونى .
رقم الجزء/قسم العمل الجزء الاول :
اسم جزء/قسم العمل فنانو الجيلين الاول و الثانى فى مصر .
250 ## - بيان الطبعة
بيان الطبعة ط1.
260 ## - PUBLICATION, DISTRIBUTION, ETC. (IMPRINT)
تاريخ النشر أو التوزيع 2012 .
300 ## - الوصف المادى
التعداد 136 ص :
تفاصيل ماديه اخرى للوعاء صور ؛
أبعاد الوعاء 28 سم .
650 04 - المدخل الاضافى بالموضوع-مصطلح موضوعى
مصطلح موضوعي العمارة الاسلامية
التقسيم الفرعي الجغرافي مصر .
942 ## - عناصر المدخل الإضافي( كوها)
مصدر التصنيف او مخطط الترفيف Dewey Decimal Classification
Koha [default] item type كتاب
260 ## - PUBLICATION, DISTRIBUTION, ETC. (IMPRINT)
-- القاهرة :
-- الدار المصرية اللبنانية ،
Holdings
حالة التراجع حالة الفقد حالة تلف ليس للاعارة المكان المؤقت الموقع الحالى تاريخ الاكتساب اجمالي اﻻعارات رقم الطلب الباركود تاريخ اخر مشاهدة تاريخ تفعيل السعر نوع وعاء كوها
        مكتبة القاهرة الكبرى مكتبة القاهرة الكبرى 02/17/2016   709.62 ق/ص م 161339 02/17/2016 02/17/2016 كتاب

Powered By

EGPV